| 000 | 01035 am a2200325 a 4500 | ||
|---|---|---|---|
| 005 | 20240523111533.0 | ||
| 008 | 100315s1997||||waud f |||| 001 0 spa d | ||
| 020 | _a9275322066 | ||
| 041 | _aspa | ||
| 092 |
_c618.92 _l6 _sBEN |
||
| 245 |
_aInfecciones respiratorias en niños / _cYehuda Benguigui |
||
| 250 | _a1a ed. | ||
| 260 |
_aWashington: _bOPS; _c1997. |
||
| 300 | _a494 p. | ||
| 500 | _aBenguigui, Y. et al. (1997). Infecciones respiratorias en niños. (1a ed.). Washington : OPS. | ||
| 590 | _aDonación Antonella Tamburry, Octubre 2009 | ||
| 653 | _aMagnitud del problema | ||
| 653 | _aAspectos etiológicos | ||
| 653 | _aAspectos clínicos y tratamiento | ||
| 653 | _aPrevención y control | ||
| 653 | _aDesarrollo de las acciones de control de las IRA a nivel local | ||
| 700 | 1 |
_aBenguigui, Yehuda _9490 |
|
| 700 | 1 |
_aLópez Antuñano, Francisco J. _9491 |
|
| 700 | 1 |
_aSchmunis, Gabriel. _9492 |
|
| 700 | 1 |
_aYunes, Joao. _9493 |
|
| 930 | _a985 | ||
| 930 | _a2009 | ||
| 930 | _a2139 | ||
| 942 |
_2ddc _cBK |
||
| 999 |
_c128 _d128 |
||